| 000 | 01522cam a22003375i 4500 | ||
|---|---|---|---|
| 999 |
_c12673 _d12673 |
||
| 003 | EG-ScBUE | ||
| 005 | 20200122151432.0 | ||
| 008 | 200122s2004 ua g 000 0 ara d | ||
| 017 | _a2004 / 13381 | ||
| 020 | _a977019154X | ||
| 040 |
_aEG-ScBUE _bara _erda _cEG-ScBUE _dEG-ScBUE |
||
| 041 | 1 |
_aara _heng |
|
| 082 | 0 | 4 |
_a909.09821 _bب ا ت _222 |
| 100 | 1 |
_aباترسون، توماس، _d1937- _eمؤلف. |
|
| 240 | 1 | 0 |
_aInventing Western civilization. _lArabic |
| 245 | 1 | 2 |
_aالحضارة الغربية : _bالفكرة والتاريخ / _cتأليف توماس باترسون ؛ ترجمة د. شوقي جلال. |
| 264 | 1 |
_aالقاهرة : _bالهيئة المصرية العامة للكتاب، _c2004. |
|
| 300 |
_a120 صفحة ؛ _c24 سم. |
||
| 336 |
_aنص _btxt _2rdacontent |
||
| 337 |
_aبدون وسيط _bn _2rdamedia |
||
| 338 |
_aمجلد _bnc _2rdacarrier |
||
| 490 | 0 |
_aمهرجان القراءة للجميع. _aمكتبة الأسرة. _aالأعمال العلمية |
|
| 500 | _aالعنوان الأصلي للكتاب "Inventing Western civilization by Thomas C. Patterson, Pub. Monthly Review Press, New York, 1997." | ||
| 546 | _aالنص باللغة العربية ؛ مترجم من اللغة الإنجليزية. | ||
| 650 | 7 |
_aالحضارة الغربية _xتاريخ. _2BUEsh |
|
| 650 | 7 |
_aالحضارة الأوربية _xتاريخ. _2BUEsh |
|
| 651 | _2BUEsh | ||
| 653 |
_bARALIT _bGGEN _cJuly2019 |
||
| 700 | 1 |
_aجلال، شوقي، _eمترجم. |
|
| 942 |
_2ddc _cBB |
||